चाँगभलं / (Record no. 52446)

MARC details
000 -LEADER
fixed length control field 01441nam a22003137a 4500
005 - DATE AND TIME OF LATEST TRANSACTION
control field 20080918163843.0
008 - FIXED-LENGTH DATA ELEMENTS--GENERAL INFORMATION
fixed length control field 080918t xxu||||| |||| 00| 0 mar d
010 ## - LCCN (DPL NO)
LC control number MAR-20837
020 ## - INTERNATIONAL STANDARD BOOK NUMBER
Terms of availability 230.00
035 ## - SYSTEM CONTROL NUMBER
System control number MR-13495
037 ## - SOURCE OF ACQUISITION
Source of stock number/acquisition DBAD / PUB
040 ## - CATALOGING SOURCE
Original cataloging agency DPL
Language of cataloging MAR
082 ## - DEWEY DECIMAL CLASSIFICATION NUMBER
Classification number 891.463
100 ## - MAIN ENTRY--PERSONAL NAME
9 (RLIN) 747
Personal name पाटील, भगवान राजधर
245 ## - TITLE STATEMENT
Title चाँगभलं /
Statement of responsibility, etc भगवान राजधर पाटील
246 ## - VARYING FORM OF TITLE
Title proper/short title Changbhala
Remainder of title by Bhagwan Rajdhar Patil
260 ## - PUBLICATION, DISTRIBUTION, ETC. (IMPRINT)
Place of publication, distribution, etc जळगांव
Name of publisher, distributor, etc कस्तुरी प्रकाशन
Date of publication, distribution, etc 2009
270 ## - ADDRESS
Address टेलीफोन कॉलोनी, धुळे रोड, अमळनेर
City जळगांव
Postal code 425401
Telephone number (02587) 224150
300 ## - PHYSICAL DESCRIPTION
Extent 236पृ.
Dimensions 22सेमी (अजिल्द)
650 ## - SUBJECT ADDED ENTRY--TOPICAL TERM
9 (RLIN) 697
650 ## - SUBJECT ADDED ENTRY--TOPICAL TERM
9 (RLIN) 698
700 ## - ADDED ENTRY--PERSONAL NAME
9 (RLIN) 27881
700 ## - ADDED ENTRY--PERSONAL NAME
9 (RLIN) 27882
700 ## - ADDED ENTRY--PERSONAL NAME
9 (RLIN) 27883
942 ## - ADDED ENTRY ELEMENTS (KOHA)
Source of classification or shelving scheme Dewey Decimal Classification
Item type Hindi Books
Call number suffix पाटील
Classification part 891.467
Holdings
Withdrawn status Lost status Source of classification or shelving scheme Damaged status Not for loan Collection code Home library Current library Date acquired Source of acquisition Cost, normal purchase price Total Checkouts Full call number Barcode Date last seen Copy number Cost, replacement price Koha item type
    Dewey Decimal Classification   Not For Loan Fiction D.B.Act.Division D.B.Act.Division 13/05/2011 DBAD /PUB 230.00   891.467 पाटील MR-13495 13/05/2011 1 230.00 Hindi Books

© Delhi Public Library
Hit Counter
free hit counter